| 000 | 00659nam a22002177a 4500 | ||
|---|---|---|---|
| 999 |
_c356280 _d356280 |
||
| 001 | 258964 | ||
| 003 | NUST | ||
| 005 | 20180313072709.0 | ||
| 008 | 180313b ||||| |||| 00| 0 eng d | ||
| 020 | _a0860371425 | ||
| 040 | _cNUST | ||
| 082 |
_a342.66820917671 _bSID |
||
| 100 |
_aSiddiqi, Muhammad Nejatullah _910130 |
||
| 245 |
_aPartnership and profit-sharing in Islamic law / _cby Muhammad Nejatullah Siddiqi |
||
| 260 |
_aLondon: _bThe Islamic foundation, _c1985 |
||
| 300 | _a111 p. | ||
| 440 |
_aIslamic economic series-9 _910180 |
||
| 504 | _aInclude bibliography and reference | ||
| 650 |
_aPartnership (Islamic Law) _910181 |
||
| 942 |
_2ddc _cBK |
||